| 000 | 00617cam a22002293a 4500 | ||
|---|---|---|---|
| 001 | 27208 | ||
| 003 | PGUSA | ||
| 005 | 20140828083604.0 | ||
| 008 | 081109s2008||||xxu|||||s|||||000 p eng d | ||
| 040 |
_aPGUSA _beng |
||
| 042 | _adc | ||
| 050 | 4 | _aPG | |
| 100 | 1 |
_aKochanowski, Jan, _d1530-1584 |
|
| 245 | 1 | 0 |
_aThreny _h[electronic resource] / _cJan Kochanowski |
| 260 |
_bProject Gutenberg, _c2008 |
||
| 506 | _aPublic domain in the USA. | ||
| 516 | _aElectronic text | ||
| 653 | _aBereavement -- Poetry | ||
| 830 | 0 |
_aProject Gutenberg _v27208 |
|
| 856 | 4 | 0 | _uhttp://www.gutenberg.org/ebooks/27208 |
| 942 | _cEB | ||
| 999 |
_c256463 _d256463 |
||